000 00665nam a22002177a 4500
003 BUBTL
008 230206b ||||| |||| 00| 0 eng d
020 _a9780367235949
082 _a418.02/ V569t/ 2021
100 _95188
_aVenuti, Lawrence
245 _aThe translation studies reader/
_cLawrence Venuti
250 _a4th Edn
260 _aLondon:
_bRoutledge Taylor & Francis Group,
_cc2021
300 _axiv, 546 p.:
_c25 cm.
500 _aIncludes Index
505 _aThe translation studies reader, Lawrence Venuti, English
650 0 _9194
_aEnglish Language
856 _k0
_l0
_yDownload
942 _2ddc
_cBK
999 _c6948
_d6948